Imaginarios, subjetividades y democracia: Estudios sobre el proceso electoral del 2018 en Costa Rica /
Bewaard in:
| Hoofdauteur: | |
|---|---|
| Formaat: | Onbekend |
| Taal: | Spanish |
| Gepubliceerd in: |
Costa Rica :
Centro de Investigación y Estudios Políticos;
2021.
|
| Onderwerpen: | |
| Tags: |
Voeg label toe
Geen labels, Wees de eerste die dit record labelt!
|
MARC
| LEADER | 00000 a2200000 04500 | ||
|---|---|---|---|
| 003 | cru CIDCACS/IIS | ||
| 005 | 20231009101315.0 | ||
| 008 | 050703s2021 cr spa d | ||
| 020 | |a 978-9930-9585-3-7 | ||
| 040 | |c cru CIDCACS/IIS |a cru CIDCACS/IIS |b español | ||
| 090 | |a 04.04.02 A473im | ||
| 100 | |a Alvarez Garro, Laura | ||
| 245 | |a Imaginarios, subjetividades y democracia: |b Estudios sobre el proceso electoral del 2018 en Costa Rica / |c Laura Alvarez Garro | ||
| 260 | |a Costa Rica : |b Centro de Investigación y Estudios Políticos; |c 2021. | ||
| 300 | |a 311 páginas | ||
| 500 | |a | ||
| 505 | |a Contenido: 1.Apartado metodológico. / Kendy Valverde Vargas. -- 2.Los significados de la palabra pueblo para los y las ciudadanas costarricenses: naturaleza polisémica de sus sentidos léxicos. / Marco A. Arroyo Mata y Viviana Solís Solís.--3.Representación de los problemas de Costa Rica de sus ciudadanos/as y del proceso electoral 2018. / Ivannia Sibaja Villalobos.--4.Evaluación en tiempos electorales: un acercamiento al proceso electoral desde el sistema de valoración / Natalia Molina Valverde y Valentina Tretti Beckles.--5.Entre la apatía y la sorpresa: las elecciones del 2018 en clave afectiva. / Laura Álvarez Garro.--6.(Des)vinculaciones vecinales con la política nacional: un análisis exploratorio de los casos de Jacó y Cahuita. / Vannesa Beltrán Conejo. -- 7.Límites de la representación política en Costa Rica: imaginarios y subjetividades en torno a las elecciones 2018. / Juan Pablo Sáenz Bonilla. --8.Decisión de voto: explicación ciudadana del comportamiento electoral en el 2018 en Costa Rica. / Adrián Vergara Heidke y Kendy Valverde Vargas. -- 9. Dominante pero muerta?Algunas reflexiones alrededor de la reproducción, geografía y los excedentes de la democracia costarricense. / Andrés León Araya. | ||
| 650 | 0 | |a ELECCIONES |2 OCDE |9 306 | |
| 650 | 0 | |a DEMOCRACIA |9 83 | |
| 650 | 0 | |a ASPECTOS SOCIALES |9 632 | |
| 650 | |a CONFLICTOS SOCIALES | ||
| 650 | 0 | |a OPINION PUBLICA |9 4971 | |
| 651 | 0 | |9 32 |a COSTA RICA | |
| 852 | 1 | 1 | |a 04.04.02 A473im |c 04.04.02 A473im |
| 942 | |2 z |c LI |h 04.04.02 A473im |k 04.04.02 |m A473im |6 040402_A473IM | ||
| 999 | |c 44341 |d 44341 | ||



